| 000 | 00899nam a2200229 a 4500 | ||
|---|---|---|---|
| 001 | BRCA_5856 | ||
| 005 | 20190320205236.0 | ||
| 008 | 160311d1945----mx-a######---a101-0#spa-# | ||
| 041 | _aspa | ||
| 044 | _amx | ||
| 050 | 4 |
_aHG1521 _b.C66 _c1945 |
|
| 111 | 2 |
_aConvención Bancaria. _n11o. _d19, 20, 21 de abril de 1945. _cGuadalajara, Jal. _914835 |
|
| 245 | 1 | 0 |
_aLa XL Convención Bancaria _bdiscursos, ponencias y demas trabajos de la undecima convención bancaria celebrada en la Ciudad de Guadalajara, Jal., los días 19, 20, 21 de abril de 1945. |
| 260 |
_aMéxico _bEl Economista _c1945 |
||
| 300 |
_ap. 6-148. _bil. _c29 cm. |
||
| 500 | _aÍndice Analítico. | ||
| 500 | _aEn ´El Economista´. t. 13, año 7, Nº 145 (Mayo-Junio) de 1945 (Mayo-Junio de 1945) | ||
| 501 | _aH110 | ||
| 650 | 1 | 4 |
_aBancos y Operaciones Bancarias. _zGuadalajara, (México) _914836 |
| 902 | _aGFM | ||
| 942 |
_2lcc _cB |
||
| 999 |
_c5545 _d5545 |
||